|
|
|
|
| LEADER |
00000nam a2200000 i 4500 |
| 001 |
1/83810 |
| 008 |
990609s1992 eng d |
| 020 |
|
|
|a 0-8061-2674-4
|
| 035 |
|
|
|l 10051448
|
| 040 |
|
|
|a GR-MY-UA
|b gre
|e aacr
|
| 041 |
0 |
|
|a eng
|
| 082 |
0 |
|
|a 371.9797
|
| 245 |
1 |
0 |
|a Teaching American Indian students /
|c edited by Jon Reyhner
|
| 260 |
|
|
|a Oklahoma :
|b Norman,
|c 1992
|
| 300 |
|
|
|a 328 p.
|
| 650 |
0 |
0 |
|a Indians of North America
|x Education.
|
| 650 |
0 |
0 |
|a Multicultural education
|z United States.
|
| 650 |
0 |
0 |
|a Indians of North America
|x Ethnic identity.
|
| 700 |
1 |
|
|a Reyhner, Jon Allan.
|4 edt
|
| 852 |
|
|
|a INST
|b RHODES
|e 19990609
|h 371.9797 TEA
|p 005400015038
|q 005400015038
|t BK
|y 0
|
| 901 |
|
|
|a BIBL4-1999-2
|
| 909 |
|
|
|a Ρ
|b 065727
|c 1999
|
| 922 |
|
|
|a 4ΕΛΗ
|b 199905
|d LEADER
|